| 000 | 00677nam a2200253Ia 4500 | ||
|---|---|---|---|
| 003 | OSt | ||
| 005 | 20220918194443.0 | ||
| 006 | a|||||r|||| 00| 0 | ||
| 007 | ta | ||
| 008 | 220917b |||||||| |||| 00| 0 eng d | ||
| 024 | _a79,514 | ||
| 037 | _cTextual | ||
| 040 |
_aARTS _cARTS _beng |
||
| 041 |
_2eng _aeng |
||
| 082 | _aS:4, L9 | ||
| 100 |
_aDas J P _924111 |
||
| 245 | 0 | _aSimultaneous and successive congnitive processes | |
| 260 |
_aNew York _bAcademic Press _c1979 |
||
| 300 |
_axii,247p. illus _ccm. |
||
| 490 | _aEducational psychology | ||
| 650 |
_aCOGNITIVE STYLES _915127 |
||
| 942 |
_hS:4, L9 _cTEXL _2CC |
||
| 999 |
_c203240 _d203240 |
||